Statistics for Road to the American Revolution

Click here to take the quiz!

General Stats

  • This quiz has been taken 12 times
  • The average score is 8 of 15

Answer Stats

YearDetailAnswer% Correct
1773The event where the Sons of Liberty dumped tea into the port of Boston.Boston Tea Party
92%
1778This country joins the war on the side of the coloniesFrance
92%
1770The event where British troops shot and killed multiple protesters in the streets of Boston.Boston Massacre
75%
1776Document that stated the colonies wanted to separate from England.Declaration of Independence
75%
1765The British government passed a law requiring a tax on all paper products.Stamp Act
75%
1765A group was founded in Boston to protest against British taxation without representation.Sons of Liberty
67%
1775The first fighting to take place in the revolution.Lexington and Concord
58%
1781The battle in which Lord Cornwallis had to surrender to the American colonists.Yorktown
58%
1783This treaty ratified the independence of the 13 coloniesTreaty of Paris
50%
1773The British government passed this law in an attempt to prevent their East India Company from going bankrupt.Tea Act
42%
1774The British government passed this set of laws to punish the colonies for the above event.Intolerable Acts
33%
1766A group was founded to help the Sons of Liberty with protests.Daughters of Liberty
17%
1763The British government passed a law prohibiting colonists from living west of the Appalachian Mountains.Proclamation of 1763
17%
1767The British government passed a law which increased customs officers and increased import taxes.Townshend Acts
17%
1772A group created to discuss and spread the news of how the British government was mistreating the American colonies.Committee of Correspondence
0%

Score Distribution

Percentile by Number Answered

Percent of People with Each Score

Your Score History

You have not taken this quiz